Catálogo público

Swine nutrition / (Record no. 166041)

MARC details
000 -CABECERA
campo de control de longitud fija 00711nam a2200277Ia 4500
001 - NÚMERO DE CONTROL
campo de control Z_2958
003 - IDENTIFICADOR DEL NÚMERO DE CONTROL
campo de control CHAP
008 - DATOS DE LONGITUD FIJA--INFORMACIÓN GENERAL
campo de control de longitud fija 220113s1991 xx 000 0 und d
010 ## - NÚMERO DE CONTROL DE LA BIBLIOTECA DEL CONGRESO
Número de control de LC 166041
020 ## - NÚMERO INTERNACIONAL ESTÁNDAR DEL LIBRO
Número Internacional Estándar del Libro 0-409-90095-8
040 ## - FUENTE DE LA CATALOGACIÓN
Centro/agencia transcriptor CHAP
082 ## - NÚMERO DE LA CLASIFICACIÓN DECIMAL DEWEY
Número de clasificación 636.4085 M5
100 ## - ENTRADA PRINCIPAL--NOMBRE DE PERSONA
Nombre de persona Miller, Elwyn R.
9 (RLIN) 75758
245 ## - MENCIÓN DE TÍTULO
Título Swine nutrition /
Mención de responsabilidad, etc. by Elwyn R. Miller and Austin J. Lewis
260 ## - PUBLICACIÓN, DISTRIBUCIÓN, ETC.
Lugar de publicación, distribución, etc. Boston :
Nombre del editor, distribuidor, etc. Butterworths,
Fecha de publicación, distribución, etc. 1991
300 ## - DESCRIPCIÓN FÍSICA
Extensión 673 p.
503 ## - NOTA DE HISTORIA BIBLIOGRÁFICA (BK CF MU) [OBSOLETO]
Nota de historia bibliográfica ej.1: 180745 \ ej.2: s/n
650 ## - PUNTO DE ACCESO ADICIONAL DE MATERIA--TÉRMINO DE MATERIA
Término de materia o nombre geográfico como elemento de entrada Ganado porcino
Subdivisión general Nutrición
9 (RLIN) 45390
700 ## - PUNTO DE ACCESO ADICIONAL--NOMBRE DE PERSONA
Nombre de persona I. Ullrey, Duane E. II. Lewis, Austin J.
9 (RLIN) 140088
901 ## - ELEMENTOS DE DATOS A LOCAL LDA (RLIN)
a 636.4085 M5
902 ## - ELEMENTOS DE DATOS B LOCAL, LDB (RLIN)
a M
910 ## - DATOS DE OPCIÓN DEL USUARIO (OCLC)
Datos de opción del usuario 1991
942 ## - ELEMENTOS DE PUNTO DE ACCESO ADICIONAL (KOHA)
Tipo de ítem Koha Libro_
942 ## - ELEMENTOS DE PUNTO DE ACCESO ADICIONAL (KOHA)
Tipo de ítem Koha
Holdings
Estado de retiro Estado de pérdida Estado dañado No para préstamo Localización permanente Ubicación/localización actual Ubicación en estantería Fecha de adquisición Información codificada de la localización en otra ubicación Código de barras Fecha visto por última vez Número de copia Precio válido a partir de Tipo de ítem Koha Nota pública Total de préstamos Fecha del último préstamo
        Zootecnia Zootecnia   09/11/2005 1 z_2922 18/01/2022 1 18/01/2022 Libro 2    
        Zootecnia Zootecnia   06/10/2008 1 z_5554 15/04/2024 2 18/01/2022 Libro 3 1 15/04/2024